[Event "OeISM Blitz U10 B"]
[Site "austriaU10b"]
[Date "2020.12.11"]
[Round "5"]
[White "Widder2010"]
[Black "Daniel195"]
[Result "0-1"]
[WhiteElo "1482"]
[BlackElo "1619"]
[Annotator "NA RC"]
[PlyCount "142"]
[EventDate "2020.12.11"]
[EventType "blitz"]

1. d4 {[%emt 0:00:03]} Nf6 {[%emt 0:00:04]} 2. c4 {[%emt 0:00:03]} e6 {[%emt 0:00:03]} 3. Nc3 {[%emt 0:00:01]} d5 {[%emt 0:00:02]} 4. cxd5 {[%emt 0:00:02]} exd5 {[%emt 0:00:01]} 5. Bg5 {[%emt 0:00:04]} Be7 {[%emt 0:00:02]} 6. e3 {[%emt 0:00:04]} h6 {[%emt 0:00:03]} 7. Bf4 {[%emt 0:00:03]} Bf5 {[%emt 0:00:05]} 8. Nf3 {[%emt 0:00:04]} O-O {[%emt 0:00:07]} 9. Bd3 {[%emt 0:00:03]} Bxd3 {[%emt 0:00:02]} 10. Qxd3 {[%emt 0:00:02]} Nc6 {[%emt 0:00:01]} 11. a3 {[%emt 0:00:04]} Re8 {[%emt 0:00:04]} 12. O-O {[%emt 0:00:05]} Bd6 {[%emt 0:00:03]} 13. Bxd6 {[%emt 0:00:03]} Qxd6 {[%emt 0:00:00]} 14. h3 {[%emt 0:00:09]} Ne4 {[%emt 0:00:03]} 15. Nd2 {[%emt 0:00:10]} Nxd2 {[%emt 0:00:10]} 16. Qxd2 {[%emt 0:00:02]} Ne7 {[%emt 0:00:08]} 17. Ne2 {[%emt 0:00:09]} c5 {[%emt 0:00:04]} 18. dxc5 {[%emt 0:00:02]} Qxc5 {[%emt 0:00:03]} 19. Rac1 {[%emt 0:00:03]} Qd6 {[%emt 0:00:02]} 20. Nd4 {[%emt 0:00:03]} Nc6 {[%emt 0:00:04]} 21. Nxc6 {[%emt 0:00:03]} bxc6 {[%emt 0:00:02]} 22. Rc3 {[%emt 0:00:03]} c5 {[%emt 0:00:08]} 23. Rd1 {[%emt 0:00:07]} Rad8 {[%emt 0:00:04]} 24. Rd3 {[%emt 0:00:05]} Re5 {[%emt 0:00:14]} 25. f3 {[%emt 0:00:21]} c4 {[%emt 0:00:09]} 26. Rd4 {[%emt 0:00:05]} Qe6 {[%emt 0:00:16]} 27. e4 {[%emt 0:00:23]} Qf6 {[%emt 0:00:28]} 28. Qa5 {[%emt 0:00:15]} Kh7 {[%emt 0:00:21]} 29. Rxd5 {[%emt 0:00:06]} Rexd5 {[%emt 0:00:03]} 30. Rxd5 {[%emt 0:00:05]} Rxd5 {[%emt 0:00:02]} 31. Qxd5 {[%emt 0:00:04]} Qxb2 {[%emt 0:00:02]} 32. Qxc4 {[%emt 0:00:13]} Qxa3 {[%emt 0:00:06]} 33. Qxf7 {[%emt 0:00:02]} Qc1+ {[%emt 0:00:02]} 34. Kh2 {[%emt 0:00:02]} a5 {[%emt 0:00:05]} 35. Qf5+ {[%emt 0:00:02]} Kh8 {[%emt 0:00:04]} 36. Qxa5 {[%emt 0:00:03]} Qf4+ {[%emt 0:00:02]} 37. Kg1 {[%emt 0:00:03]} Qe3+ {[%emt 0:00:02]} 38. Kf1 {[%emt 0:00:11]} Qc1+ {[%emt 0:00:03]} 39. Kf2 {[%emt 0:00:04]} Qc2+ {[%emt 0:00:04]} 40. Kg3 {[%emt 0:00:04]} Qc1 {[%emt 0:00:12]} 41. Qd8+ {[%emt 0:00:05]} Kh7 {[%emt 0:00:05]} 42. Qe7 {[%emt 0:00:09]} Qb2 {[%emt 0:00:20]} 43. e5 {[%emt 0:00:02]} Qc1 {[%emt 0:00:13]} 44. e6 {[%emt 0:00:04]} Qe1+ {[%emt 0:00:02]} 45. Kg4 {[%emt 0:00:02]} Qg1 {[%emt 0:00:02]} 46. g3 {[%emt 0:00:03]} Qf2 {[%emt 0:00:02]} 47. Qf7 {[%emt 0:00:03]} Qd4+ {[%emt 0:00:02]} 48. f4 {[%emt 0:00:04]} Qd1+ {[%emt 0:00:03]} 49. Kh4 {[%emt 0:00:04]} Qd5 {[%emt 0:00:03]} 50. e7 {[%emt 0:00:06]} Qxf7 {[%emt 0:00:02]} 51. e8=Q {[%emt 0:00:06]} Qxe8 {[%emt 0:00:01]} 52. Kg4 {[%emt 0:00:01]} Qe7 {[%emt 0:00:01]} 53. Kf3 {[%emt 0:00:01]} g5 {[%emt 0:00:01]} 54. f5 {[%emt 0:00:02]} Qf6 {[%emt 0:00:02]} 55. g4 {[%emt 0:00:01]} Kg7 {[%emt 0:00:00]} 56. Kg3 {[%emt 0:00:02]} Kf7 {[%emt 0:00:00]} 57. Kf3 {[%emt 0:00:01]} Ke7 {[%emt 0:00:00]} 58. Ke4 {[%emt 0:00:02]} Kd6 {[%emt 0:00:00]} 59. Kd3 {[%emt 0:00:02]} Qe5 {[%emt 0:00:01]} 60. Kc4 {[%emt 0:00:03]} Qg3 {[%emt 0:00:01]} 61. Kb5 {[%emt 0:00:01]} Qxh3 {[%emt 0:00:01]} 62. Kb6 {[%emt 0:00:02]} Qxg4 {[%emt 0:00:02]} 63. Kb7 {[%emt 0:00:02]} Ke5 {[%emt 0:00:02]} 64. Kc8 {[%emt 0:00:01]} Kxf5 {[%emt 0:00:01]} 65. Kd7 {[%emt 0:00:02]} Qd4+ {[%emt 0:00:01]} 66. Ke8 {[%emt 0:00:02]} g4 {[%emt 0:00:00]} 67. Kf7 {[%emt 0:00:02]} g3 {[%emt 0:00:00]} 68. Ke7 {[%emt 0:00:02]} g2 {[%emt 0:00:00]} 69. Kf7 {[%emt 0:00:01]} g1=Q {[%emt 0:00:02]} 70. Ke7 {[%emt 0:00:01]} Qgg7+ {[%emt 0:00:02]} 71. Ke8 {[%emt 0:00:03]} Qdd7# {[%emt 0:00:01] Mate Mate} 0-1

[Event "OeISM Blitz U10 B"]
[Site "austriaU10b"]
[Date "2020.12.11"]
[Round "5"]
[White "Hamino10"]
[Black "CaptainJojo"]
[Result "1/2-1/2"]
[WhiteElo "1481"]
[BlackElo "1422"]
[Annotator "NA RC"]
[PlyCount "88"]
[EventDate "2020.12.11"]
[EventType "blitz"]

1. e4 {[%emt 0:00:04]} e5 {[%emt 0:00:03]} 2. Nf3 {[%emt 0:00:04]} Nc6 {[%emt 0:00:03] Hamino10 offers a draw} 3. Nc3 {[%emt 0:00:02]} Nf6 {[%emt 0:00:14]} 4. Bb5 {[%emt 0:00:04]} a6 {[%emt 0:00:03]} 5. Bxc6 {[%emt 0:00:02]} dxc6 {[%emt 0:00:04]} 6. Nxe5 {[%emt 0:00:03]} Qd4 {[%emt 0:00:03]} 7. Nf3 {[%emt 0:00:05]} Qc4 {[%emt 0:00:08]} 8. b3 {[%emt 0:00:04]} Qc5 {[%emt 0:00:15]} 9. O-O {[%emt 0:00:04]} Bg4 {[%emt 0:00:03]} 10. h3 {[%emt 0:00:06]} Bxf3 {[%emt 0:00:04]} 11. Qxf3 {[%emt 0:00:05]} Qd6 {[%emt 0:00:09]} 12. d3 {[%emt 0:00:04]} Be7 {[%emt 0:00:05]} 13. Bg5 {[%emt 0:00:13]} O-O {[%emt 0:00:03]} 14. Bxf6 {[%emt 0:00:02]} Bxf6 {[%emt 0:00:04]} 15. Rfe1 {[%emt 0:00:06]} Bxc3 {[%emt 0:00:05]} 16. e5 {[%emt 0:00:05]} Qd5 {[%emt 0:00:12]} 17. Qxd5 {[%emt 0:00:04]} cxd5 {[%emt 0:00:02]} 18. Rad1 {[%emt 0:00:04]} Bxe1 {[%emt 0:00:04]} 19. Rxe1 {[%emt 0:00:01] Hamino10 offers a draw} Rfe8 {[%emt 0:00:05]} 20. d4 {[%emt 0:00:03]} Rad8 {[%emt 0:00:05]} 21. Rf1 {[%emt 0:00:04]} c6 {[%emt 0:00:04]} 22. a3 {[%emt 0:00:01]} b5 {[%emt 0:00:03]} 23. a4 {[%emt 0:00:02]} bxa4 {[%emt 0:00:03]} 24. bxa4 {[%emt 0:00:01]} a5 {[%emt 0:00:02]} 25. c3 {[%emt 0:00:01]} Rb8 {[%emt 0:00:04]} 26. Re1 {[%emt 0:00:05]} Rb3 {[%emt 0:00:03]} 27. Rb1 {[%emt 0:00:00]} Rxc3 {[%emt 0:00:02]} 28. Rf1 {[%emt 0:00:00]} Rc4 {[%emt 0:00:02]} 29. Rd1 {[%emt 0:00:01]} Rxa4 {[%emt 0:00:03]} 30. Rc1 {[%emt 0:00:01]} Rxd4 {[%emt 0:00:03]} 31. Rxc6 {[%emt 0:00:02]} Rd1+ {[%emt 0:00:02]} 32. Kh2 {[%emt 0:00:03]} Rxe5 {[%emt 0:00:02]} 33. Ra6 {[%emt 0:00:02]} d4 {[%emt 0:00:02]} 34. Rxa5 {[%emt 0:00:02]} Rxa5 {[%emt 0:00:02]} 35. g3 {[%emt 0:00:03]} Rd2 {[%emt 0:00:03]} 36. Kg2 {[%emt 0:00:01]} Raa2 {[%emt 0:00:03]} 37. h4 {[%emt 0:00:01]} Rxf2+ {[%emt 0:00:03]} 38. Kg1 {[%emt 0:00:00]} Rg2+ {[%emt 0:00:02]} 39. Kh1 {[%emt 0:00:00]} d3 {[%emt 0:00:04]} 40. g4 {[%emt 0:00:02]} Rxg4 {[%emt 0:00:05]} 41. h5 {[%emt 0:00:01]} d2 {[%emt 0:00:02]} 42. Kh2 {[%emt 0:00:01]} d1=Q+ {[%emt 0:00:03]} 43. Kh3 {[%emt 0:00:01]} g6 {[%emt 0:00:08]} 44. hxg6 {[%emt 0:00:02]} fxg6 {[%emt 0:00:02] Stalemate Stalemate} 1/2-1/2

[Event "OeISM Blitz U10 B"]
[Site "austriaU10b"]
[Date "2020.12.11"]
[Round "5"]
[White "Chesstornado2011"]
[Black "DenizK2011"]
[Result "1-0"]
[WhiteElo "1425"]
[BlackElo "1424"]
[Annotator "NA RC"]
[PlyCount "31"]
[EventDate "2020.12.11"]
[EventType "blitz"]

1. e4 {[%emt 0:00:08]} e5 {[%emt 0:00:03]} 2. Nf3 {[%emt 0:00:02]} Nc6 {[%emt 0:00:01]} 3. Bc4 {[%emt 0:00:05]} Bc5 {[%emt 0:00:02]} 4. Nc3 {[%emt 0:00:02]} d6 {[%emt 0:00:09]} 5. h3 {[%emt 0:00:07]} h6 {[%emt 0:00:02]} 6. d3 {[%emt 0:00:04]} Nf6 {[%emt 0:00:02]} 7. Nd5 {[%emt 0:00:05]} Nxd5 {[%emt 0:00:03]} 8. Bxd5 {[%emt 0:00:04]} Nd4 {[%emt 0:00:15]} 9. Nxd4 {[%emt 0:00:05]} Bxd4 {[%emt 0:00:03]} 10. c3 {[%emt 0:00:01]} c6 {[%emt 0:00:10]} 11. Bb3 {[%emt 0:00:04]} Bb6 {[%emt 0:00:02]} 12. Qf3 {[%emt 0:00:04]} O-O {[%emt 0:00:06]} 13. Qg3 {[%emt 0:00:06]} g6 {[%emt 0:00:05]} 14. Bxh6 {[%emt 0:00:03]} Re8 {[%emt 0:00:05]} 15. Qxg6+ {[%emt 0:00:02]} Kh8 {[%emt 0:00:08]} 16. Qg7# {[%emt 0:00:00] Mate Mate} 1-0

[Event "OeISM Blitz U10 B"]
[Site "austriaU10b"]
[Date "2020.12.11"]
[Round "5"]
[White "Hugo_11"]
[Black "Kaljikovic"]
[Result "1-0"]
[WhiteElo "1308"]
[BlackElo "1328"]
[Annotator "NA RC"]
[PlyCount "63"]
[EventDate "2020.12.11"]
[EventType "blitz"]

1. e4 {[%emt 0:00:05]} e5 {[%emt 0:00:04]} 2. Qh5 {[%emt 0:00:03]} Nf6 {[%emt 0:00:04]} 3. Qxe5+ {[%emt 0:00:02]} Qe7 {[%emt 0:00:06]} 4. Qxe7+ {[%emt 0:00:02]} Bxe7 {[%emt 0:00:02]} 5. Nf3 {[%emt 0:00:00]} O-O {[%emt 0:00:03]} 6. Bd3 {[%emt 0:00:07]} Nc6 {[%emt 0:00:04]} 7. O-O {[%emt 0:00:05]} Bc5 {[%emt 0:00:07]} 8. a3 {[%emt 0:00:08]} Ng4 {[%emt 0:00:03]} 9. b4 {[%emt 0:00:09]} Bd6 {[%emt 0:00:07]} 10. Nc3 {[%emt 0:00:18]} Bxh2+ {[%emt 0:00:03]} 11. Nxh2 {[%emt 0:00:03]} Nge5 {[%emt 0:00:11]} 12. b5 {[%emt 0:00:03]} Ne7 {[%emt 0:00:04]} 13. Re1 {[%emt 0:00:09]} N7g6 {[%emt 0:00:04]} 14. Nf3 {[%emt 0:00:08]} Ng4 {[%emt 0:00:11]} 15. Nd4 {[%emt 0:00:14]} Nh4 {[%emt 0:00:07]} 16. f3 {[%emt 0:00:04]} Ne5 {[%emt 0:00:07]} 17. g3 {[%emt 0:00:01]} Nhxf3+ {[%emt 0:00:06]} 18. Nxf3 {[%emt 0:00:02]} Nxf3+ {[%emt 0:00:04]} 19. Kf1 {[%emt 0:00:01]} d6 {[%emt 0:00:04]} 20. Re3 {[%emt 0:00:04]} Bh3+ {[%emt 0:00:03]} 21. Kf2 {[%emt 0:00:04]} Ng5 {[%emt 0:00:08]} 22. e5 {[%emt 0:00:06]} Rae8 {[%emt 0:00:02]} 23. exd6 {[%emt 0:00:03]} Re6 {[%emt 0:00:11]} 24. dxc7 {[%emt 0:00:05]} Rf6+ {[%emt 0:00:05]} 25. Ke1 {[%emt 0:00:15]} Rc8 {[%emt 0:00:09]} 26. Re7 {[%emt 0:00:09]} Rf1+ {[%emt 0:00:05]} 27. Bxf1 {[%emt 0:00:03]} Nf3+ {[%emt 0:00:02]} 28. Kf2 {[%emt 0:00:03]} Nxd2 {[%emt 0:00:08]} 29. Re2 {[%emt 0:00:07]} Bxf1 {[%emt 0:00:10]} 30. Rxd2 {[%emt 0:00:06]} Bh3 {[%emt 0:00:11]} 31. Rd8+ {[%emt 0:00:04]} Rxd8 {[%emt 0:00:11]} 32. cxd8=R# {[%emt 0:00:04] Mate Mate} 1-0

[Event "OeISM Blitz U10 B"]
[Site "austriaU10b"]
[Date "2020.12.11"]
[Round "6"]
[White "Philip2010"]
[Black "NIKO2011"]
[Result "1-0"]
[WhiteElo "1854"]
[BlackElo "1855"]
[Annotator "NA RC"]
[PlyCount "81"]
[EventDate "2020.12.11"]
[EventType "blitz"]

1. d4 {[%emt 0:00:06]} c5 {[%emt 0:00:01]} 2. c3 {[%emt 0:00:03]} e6 {[%emt 0:00:05]} 3. Nf3 {[%emt 0:00:04]} d5 {[%emt 0:00:01]} 4. e3 {[%emt 0:00:02]} Nf6 {[%emt 0:00:02]} 5. Nbd2 {[%emt 0:00:04]} a6 {[%emt 0:00:02]} 6. Be2 {[%emt 0:00:06]} Nc6 {[%emt 0:00:04]} 7. O-O {[%emt 0:00:02]} Be7 {[%emt 0:00:02]} 8. Re1 {[%emt 0:00:02]} O-O {[%emt 0:00:03]} 9. Ne5 {[%emt 0:00:07]} Nxe5 {[%emt 0:00:04]} 10. dxe5 {[%emt 0:00:02]} Nd7 {[%emt 0:00:01]} 11. f4 {[%emt 0:00:03]} f6 {[%emt 0:00:02]} 12. exf6 {[%emt 0:00:05]} Nxf6 {[%emt 0:00:03]} 13. Bf3 {[%emt 0:00:10]} b5 {[%emt 0:00:07]} 14. Qc2 {[%emt 0:00:07]} Bb7 {[%emt 0:00:05]} 15. e4 {[%emt 0:00:14]} dxe4 {[%emt 0:00:07]} 16. Nxe4 {[%emt 0:00:04]} Bxe4 {[%emt 0:00:13]} 17. Bxe4 {[%emt 0:00:03]} Nxe4 {[%emt 0:00:02]} 18. Qxe4 {[%emt 0:00:04]} Rf6 {[%emt 0:00:04]} 19. Be3 {[%emt 0:00:14]} Rc8 {[%emt 0:00:09]} 20. Rad1 {[%emt 0:00:11]} Qc7 {[%emt 0:00:04]} 21. Rd2 {[%emt 0:00:15]} Rd8 {[%emt 0:00:04]} 22. Red1 {[%emt 0:00:04]} Rxd2 {[%emt 0:00:10]} 23. Rxd2 {[%emt 0:00:03]} Bd6 {[%emt 0:00:03]} 24. g3 {[%emt 0:00:07]} Be7 {[%emt 0:00:15]} 25. Qa8+ {[%emt 0:00:30]} Kf7 {[%emt 0:00:05]} 26. Qxa6 {[%emt 0:00:05]} Qb8 {[%emt 0:00:13]} 27. Rd7 {[%emt 0:00:10]} e5 {[%emt 0:00:25]} 28. Qb7 {[%emt 0:00:08]} Qxb7 {[%emt 0:00:10]} 29. Rxb7 {[%emt 0:00:01]} b4 {[%emt 0:00:02]} 30. Bxc5 {[%emt 0:00:06]} bxc3 {[%emt 0:00:13]} 31. bxc3 {[%emt 0:00:10]} exf4 {[%emt 0:00:14]} 32. Rxe7+ {[%emt 0:00:05]} Kg6 {[%emt 0:00:04]} 33. g4 {[%emt 0:00:07]} Ra6 {[%emt 0:00:06]} 34. a3 {[%emt 0:00:04]} Ra8 {[%emt 0:00:03]} 35. Bd4 {[%emt 0:00:04]} Rxa3 {[%emt 0:00:02]} 36. Rxg7+ {[%emt 0:00:02]} Kh6 {[%emt 0:00:02]} 37. Ra7 {[%emt 0:00:07]} Rb3 {[%emt 0:00:03]} 38. h4 {[%emt 0:00:02]} Rb1+ {[%emt 0:00:03]} 39. Kg2 {[%emt 0:00:01]} Rb2+ {[%emt 0:00:02]} 40. Kh3 {[%emt 0:00:01]} Rd2 {[%emt 0:00:13]} 41. Ra6# {[%emt 0:00:02] Mate Mate} 1-0

[Event "OeISM Blitz U10 B"]
[Site "austriaU10b"]
[Date "2020.12.11"]
[Round "6"]
[White "Mattfried"]
[Black "Lukas-2010"]
[Result "0-1"]
[WhiteElo "1733"]
[BlackElo "1862"]
[Annotator "NA RC"]
[PlyCount "88"]
[EventDate "2020.12.11"]
[EventType "blitz"]

1. e4 {[%emt 0:00:03]} c5 {[%emt 0:00:02]} 2. c3 {[%emt 0:00:03]} d5 {[%emt 0:00:02]} 3. exd5 {[%emt 0:00:02]} Qxd5 {[%emt 0:00:00]} 4. d4 {[%emt 0:00:01]} Nc6 {[%emt 0:00:01]} 5. Nf3 {[%emt 0:00:02]} Bg4 {[%emt 0:00:02]} 6. Be2 {[%emt 0:00:07]} e6 {[%emt 0:00:02]} 7. O-O {[%emt 0:00:04]} Nf6 {[%emt 0:00:03]} 8. c4 {[%emt 0:00:06]} Qd7 {[%emt 0:00:03]} 9. h3 {[%emt 0:00:21]} Bxf3 {[%emt 0:00:04]} 10. Bxf3 {[%emt 0:00:02]} Nxd4 {[%emt 0:00:04]} 11. Be3 {[%emt 0:00:11]} Bd6 {[%emt 0:00:02]} 12. Kh1 {[%emt 0:00:09]} Nxf3 {[%emt 0:00:03]} 13. Qxf3 {[%emt 0:00:00]} O-O {[%emt 0:00:02]} 14. Rd1 {[%emt 0:00:03]} Rfd8 {[%emt 0:00:03]} 15. Bxc5 {[%emt 0:00:02]} Qc7 {[%emt 0:00:14]} 16. Bxd6 {[%emt 0:00:09]} Rxd6 {[%emt 0:00:00]} 17. Rxd6 {[%emt 0:00:10]} Qxd6 {[%emt 0:00:00]} 18. Nc3 {[%emt 0:00:02]} Qc7 {[%emt 0:00:04]} 19. Rd1 {[%emt 0:00:03]} Rc8 {[%emt 0:00:05]} 20. b3 {[%emt 0:00:11]} h6 {[%emt 0:00:08]} 21. Qd3 {[%emt 0:00:11]} Qa5 {[%emt 0:00:07]} 22. Na4 {[%emt 0:00:15]} Qe5 {[%emt 0:00:12]} 23. Kg1 {[%emt 0:00:21]} g6 {[%emt 0:00:07]} 24. Qd4 {[%emt 0:00:06]} Qxd4 {[%emt 0:00:09]} 25. Rxd4 {[%emt 0:00:00]} Kf8 {[%emt 0:00:03]} 26. Rf4 {[%emt 0:00:06]} Ke7 {[%emt 0:00:02]} 27. Nc3 {[%emt 0:00:04]} Rd8 {[%emt 0:00:01]} 28. Kf1 {[%emt 0:00:05]} Rd2 {[%emt 0:00:02]} 29. a3 {[%emt 0:00:08]} Rc2 {[%emt 0:00:04]} 30. Nb5 {[%emt 0:00:04]} a6 {[%emt 0:00:03]} 31. Nd4 {[%emt 0:00:07]} Rc1+ {[%emt 0:00:01]} 32. Ke2 {[%emt 0:00:02]} e5 {[%emt 0:00:00]} 33. Kd2 {[%emt 0:00:15]} Rh1 {[%emt 0:00:03]} 34. Rf3 {[%emt 0:00:24]} exd4 {[%emt 0:00:02]} 35. Kd3 {[%emt 0:00:02]} Rd1+ {[%emt 0:00:02]} 36. Kc2 {[%emt 0:00:05]} Ra1 {[%emt 0:00:02]} 37. Kb2 {[%emt 0:00:05]} Rf1 {[%emt 0:00:01]} 38. Kc2 {[%emt 0:00:04]} Ne4 {[%emt 0:00:02]} 39. Kd3 {[%emt 0:00:02]} f5 {[%emt 0:00:07]} 40. Kxd4 {[%emt 0:00:02]} Rxf2 {[%emt 0:00:01]} 41. Re3 {[%emt 0:00:03]} Rd2+ {[%emt 0:00:02]} 42. Ke5 {[%emt 0:00:03]} Kf7 {[%emt 0:00:04]} 43. Kf4 {[%emt 0:00:02]} Rxg2 {[%emt 0:00:02]} 44. b4 {[%emt 0:00:03]} Rf2+ {[%emt 0:00:02] TimeW} 0-1

[Event "OeISM Blitz U10 B"]
[Site "austriaU10b"]
[Date "2020.12.11"]
[Round "6"]
[White "Daniel195"]
[Black "Chessroman"]
[Result "1/2-1/2"]
[WhiteElo "1630"]
[BlackElo "1553"]
[Annotator "NA RC"]
[PlyCount "113"]
[EventDate "2020.12.11"]
[EventType "blitz"]

1. d4 {[%emt 0:00:09]} d5 {[%emt 0:00:03]} 2. Nf3 {[%emt 0:00:03]} Nf6 {[%emt 0:00:05]} 3. e3 {[%emt 0:00:04]} e6 {[%emt 0:00:08]} 4. Bd3 {[%emt 0:00:02]} c5 {[%emt 0:00:06]} 5. c3 {[%emt 0:00:03]} Bd6 {[%emt 0:00:03]} 6. O-O {[%emt 0:00:04]} O-O {[%emt 0:00:08]} 7. Qc2 {[%emt 0:00:06]} Nc6 {[%emt 0:00:03]} 8. Nbd2 {[%emt 0:00:03]} b6 {[%emt 0:00:06]} 9. Ng5 {[%emt 0:00:11]} h6 {[%emt 0:00:09]} 10. Ngf3 {[%emt 0:00:06]} Bb7 {[%emt 0:00:05]} 11. c4 {[%emt 0:00:11]} Rc8 {[%emt 0:00:12]} 12. cxd5 {[%emt 0:00:03]} Nb4 {[%emt 0:00:07]} 13. Qb1 {[%emt 0:00:03]} Nxd3 {[%emt 0:00:03]} 14. Qxd3 {[%emt 0:00:02]} exd5 {[%emt 0:00:06]} 15. b3 {[%emt 0:00:06]} Re8 {[%emt 0:00:03]} 16. Bb2 {[%emt 0:00:14]} Ne4 {[%emt 0:00:20]} 17. Qe2 {[%emt 0:00:07]} Qc7 {[%emt 0:00:06]} 18. h3 {[%emt 0:00:07]} Qe7 {[%emt 0:00:08]} 19. Nxe4 {[%emt 0:00:06]} dxe4 {[%emt 0:00:04]} 20. Nd2 {[%emt 0:00:03]} cxd4 {[%emt 0:00:13]} 21. Bxd4 {[%emt 0:00:04]} Rc2 {[%emt 0:00:12]} 22. Rac1 {[%emt 0:00:07]} Rec8 {[%emt 0:00:02]} 23. Rxc2 {[%emt 0:00:09]} Rxc2 {[%emt 0:00:02]} 24. Qg4 {[%emt 0:00:05]} Be5 {[%emt 0:00:06]} 25. Bxe5 {[%emt 0:00:04]} Qxe5 {[%emt 0:00:01]} 26. Nc4 {[%emt 0:00:10]} Qe7 {[%emt 0:00:06]} 27. a3 {[%emt 0:00:27]} Ba6 {[%emt 0:00:06]} 28. Rd1 {[%emt 0:00:28]} Bxc4 {[%emt 0:00:06]} 29. bxc4 {[%emt 0:00:06]} Qg5 {[%emt 0:00:09]} 30. Qxg5 {[%emt 0:00:03]} hxg5 {[%emt 0:00:02]} 31. Rd8+ {[%emt 0:00:01]} Kh7 {[%emt 0:00:02]} 32. Rd7 {[%emt 0:00:01]} Rxc4 {[%emt 0:00:03]} 33. Rxf7 {[%emt 0:00:02]} Ra4 {[%emt 0:00:02]} 34. Rf5 {[%emt 0:00:04]} Rxa3 {[%emt 0:00:05]} 35. Rxg5 {[%emt 0:00:01]} Ra5 {[%emt 0:00:02]} 36. Rg4 {[%emt 0:00:06]} Ra4 {[%emt 0:00:06]} 37. f3 {[%emt 0:00:05]} b5 {[%emt 0:00:06]} 38. fxe4 {[%emt 0:00:13]} Kg8 {[%emt 0:00:05]} 39. Rg5 {[%emt 0:00:01]} Rxe4 {[%emt 0:00:05]} 40. Rxb5 {[%emt 0:00:02]} Rxe3 {[%emt 0:00:02]} 41. Ra5 {[%emt 0:00:01]} Re7 {[%emt 0:00:02]} 42. Kf2 {[%emt 0:00:01]} Kf7 {[%emt 0:00:02]} 43. Kf3 {[%emt 0:00:01]} Rb7 {[%emt 0:00:08]} 44. Kf4 {[%emt 0:00:01]} Rb4+ {[%emt 0:00:03]} 45. Ke3 {[%emt 0:00:02]} Rb3+ {[%emt 0:00:03]} 46. Kd2 {[%emt 0:00:02]} Rb2+ {[%emt 0:00:02]} 47. Kc3 {[%emt 0:00:01]} Rxg2 {[%emt 0:00:03]} 48. Rxa7+ {[%emt 0:00:01]} Kf6 {[%emt 0:00:03]} 49. Kd4 {[%emt 0:00:00]} Rd2+ {[%emt 0:00:04]} 50. Ke3 {[%emt 0:00:02]} Rb2 {[%emt 0:00:06]} 51. Ra6+ {[%emt 0:00:01]} Kf7 {[%emt 0:00:05]} 52. Ra7+ {[%emt 0:00:01]} Kg8 {[%emt 0:00:01]} 53. Ra8+ {[%emt 0:00:01]} Kh7 {[%emt 0:00:01]} 54. Kf3 {[%emt 0:00:01]} Rb3+ {[%emt 0:00:01]} 55. Kg4 {[%emt 0:00:01]} Rb4+ {[%emt 0:00:02] Daniel195 offers a draw} 56. Kg5 {[%emt 0:00:02]} Rb5+ {[%emt 0:00:10]} 57. Kg4 {[%emt 0:00:02]} 1/2-1/2

[Event "OeISM Blitz U10 B"]
[Site "austriaU10b"]
[Date "2020.12.11"]
[Round "6"]
[White "Noeldep3f"]
[Black "Alain 007"]
[Result "0-1"]
[WhiteElo "1616"]
[BlackElo "1530"]
[Annotator "NA RC"]
[PlyCount "28"]
[EventDate "2020.12.11"]
[EventType "blitz"]

1. e4 {[%emt 0:00:03]} d5 {[%emt 0:00:04]} 2. exd5 {[%emt 0:00:02]} Qxd5 {[%emt 0:00:06]} 3. Nc3 {[%emt 0:00:01]} Qa5 {[%emt 0:00:04]} 4. d4 {[%emt 0:00:01]} c6 {[%emt 0:00:07]} 5. Nf3 {[%emt 0:00:02]} Bg4 {[%emt 0:00:06]} 6. Be3 {[%emt 0:00:02]} Nf6 {[%emt 0:00:05]} 7. Be2 {[%emt 0:00:06]} e6 {[%emt 0:00:06]} 8. O-O {[%emt 0:00:03]} Nbd7 {[%emt 0:00:06]} 9. h3 {[%emt 0:00:02]} Bxf3 {[%emt 0:00:03]} 10. Bxf3 {[%emt 0:00:02]} Bd6 {[%emt 0:00:05]} 11. Qd2 {[%emt 0:00:06]} O-O {[%emt 0:00:08]} 12. Kh1 {[%emt 0:00:13]} e5 {[%emt 0:00:04]} 13. dxe5 {[%emt 0:00:03]} Qxe5 {[%emt 0:00:02]} 14. Bd4 {[%emt 0:00:08]} Qh2# {[%emt 0:00:02] Mate Mate} 0-1

[Event "OeISM Blitz U10 B"]
[Site "austriaU10b"]
[Date "2020.12.11"]
[Round "6"]
[White "Super-Patzer"]
[Black "mightimix"]
[Result "0-1"]
[WhiteElo "1616"]
[BlackElo "1618"]
[Annotator "NA RC"]
[PlyCount "62"]
[EventDate "2020.12.11"]
[EventType "blitz"]

1. e4 {[%emt 0:00:02]} e5 {[%emt 0:00:01]} 2. Nf3 {[%emt 0:00:03]} Nc6 {[%emt 0:00:01]} 3. Bc4 {[%emt 0:00:02]} Nf6 {[%emt 0:00:02]} 4. d3 {[%emt 0:00:04]} Bc5 {[%emt 0:00:01]} 5. O-O {[%emt 0:00:02]} d6 {[%emt 0:00:01]} 6. h3 {[%emt 0:00:14]} O-O {[%emt 0:00:03]} 7. Bg5 {[%emt 0:00:02]} Be6 {[%emt 0:00:05]} 8. Bb3 {[%emt 0:00:05]} Bxb3 {[%emt 0:00:02]} 9. axb3 {[%emt 0:00:02]} h6 {[%emt 0:00:03]} 10. Bh4 {[%emt 0:00:02]} Nd4 {[%emt 0:00:09]} 11. Nxd4 {[%emt 0:00:04]} Bxd4 {[%emt 0:00:04]} 12. c3 {[%emt 0:00:03]} Bb6 {[%emt 0:00:03]} 13. Nd2 {[%emt 0:00:03]} c6 {[%emt 0:00:02]} 14. Nf3 {[%emt 0:00:02]} Re8 {[%emt 0:00:06]} 15. b4 {[%emt 0:00:10]} Qe7 {[%emt 0:00:02]} 16. Re1 {[%emt 0:00:04]} Qe6 {[%emt 0:00:03]} 17. Qd2 {[%emt 0:00:09]} Nh5 {[%emt 0:00:08]} 18. d4 {[%emt 0:00:27]} exd4 {[%emt 0:00:06]} 19. cxd4 {[%emt 0:00:04]} Qg6 {[%emt 0:00:06]} 20. Qd3 {[%emt 0:00:22]} d5 {[%emt 0:00:04]} 21. Nd2 {[%emt 0:00:10]} dxe4 {[%emt 0:00:08]} 22. Nxe4 {[%emt 0:00:03]} Nf4 {[%emt 0:00:08]} 23. Qf3 {[%emt 0:00:09]} Nd5 {[%emt 0:00:05]} 24. Ra4 {[%emt 0:00:22]} Bxd4 {[%emt 0:00:04]} 25. b5 {[%emt 0:00:12]} Bxb2 {[%emt 0:00:12]} 26. bxc6 {[%emt 0:00:03]} bxc6 {[%emt 0:00:02]} 27. Qb3 {[%emt 0:00:11]} Rab8 {[%emt 0:00:07]} 28. Qc4 {[%emt 0:00:07]} Nf4 {[%emt 0:00:13]} 29. g3 {[%emt 0:00:07]} Nxh3+ {[%emt 0:00:09]} 30. Kh2 {[%emt 0:00:03]} Nxf2 {[%emt 0:00:07]} 31. Qd4 {[%emt 0:00:20]} Bxd4 {[%emt 0:00:06] Super-Patzer resigns} 0-1